00657 2200253 4500001002100000005001700021008004100038020001800079035002400097082001100121090001800132100001900150245006300169250001100232260003100243300002500274500003100299650001100330850001500341980001500356985000600371986001100377999001500388YOGYA-0209000000345920090227020628.0 ind  a979-413-846-0 0010-020900000003459 a633.82 a633.82bLaw P aLAWANI, Misran aPanilibbudidaya dan penanganan pasca panencMisran Lawani aCet. 1 aYogyakartabKanisiusc1993 a112 hlmbilusc21 cm aBibliografi : hlm. 109-112 aPanili aYOPDYOG(B) a15-02-2006 a1 aBprtev a95P0069119